000 01374nam0a2200349 4500
001 RU\NLR\bibl\545068
005 20250609154938.0
010 _a5-699-05420-0
_94000
021 _aRU
_b2004-17586
_9903
035 _aRSL-KNO-002416364
035 _a(NLR Aleph) 000537285
090 _a1390713
_c1390713
100 _a20040330d2004 |||y0rusy50 ca
101 1 _arus
_ceng
102 _aRU
105 _aa |||||||||
106 _ar
200 1 _aКлеопатра
_fКарин Эссекс
_g[Пер. с англ. Е. Шестаковой]
210 _aМ.
_cЭКСМО
_aСПб.
_cДомино
_d2004
_eТул. тип.
215 _a477,[2] с.
_cил.
_d22
225 1 _aИстоический Роман
_fСост. А. Жигаренцев
600 0 _aКлеопатра
_cцарица египетская
_f69 - 30 до н.э.
_xв художественной литературе
_92098515
_3RU\NLR\auth\661269454
600 0 _aКлеопатра
_f69 - 30 до н.э.
_xв художественной литературе
_91359855
_3RU\NLR\auth\66568783
686 _aШ5(7США)62-644.2
_2rubbk
686 _aШ6(7США)67-442{Лх1979-51{
700 1 _aЭссекс
_bК.
_gКарин
_4070
801 0 _aRU
_bRuMoRKP
_c20040330
_gPSBO
801 1 _aRU
_bRuMoRKP
_c20040330
801 2 _aRU
_bNLR
_c20040816
_gPSBO
942 _cBOOK
980 _aNB